000 00441nam a2200157Ia 4500
008 220216s9999 xx 000 0 und d
100 _aKrishnankutty P.N.
245 0 _aEvaluation of planting materials under commercial planting: First report
260 _bRubber Board Bulletin
_c1981-82
300 _a18-25
650 _aPlanting material evaluation
650 _aYield
700 _aHaridasan V.
700 _aJacob G.
942 _cBS
999 _c49664
_d49664